000 00917nam a2200265Ia 4500
003 OSt
005 20221005111149.0
006 a|||||r|||| 00| 0
007 ta
008 221004b |||||||| |||| 00| 0 hin d
020 _a9789350724279 (hbk)
_c1190
024 _a17544
037 _b524, 21/03/2015, Vani Prakashan
_cTextual
040 _aCRL
_cCRL
_bhin
041 _2hin
_ahin
082 _aO152,1I00:g, Q3
100 _aधर्मवीर
245 0 _aकबीर खसम खुशी क्यों होय ?
246 _aKabīr khasam khushī kyoan hoya
260 _aनई दिल्ली
_bवाणी प्रकाशन भारत
_c2013
300 _a362पृ0
_ccm.
650 _aहिन्दी साहित्य
942 _hO152,1I00:g, Q3
_cTEXL
_2cc
999 _c1021005
_d1021005